[Event "Turmero Zowain Memorial"]
[Site "Turmero"]
[Date "2017.08.19"]
[Round "6"]
[White "Mora Martinez, Gabriel Gustavo"]
[Black "Hernandez Castillo, Andry Jesus"]
[Result "0-1"]
[WhiteElo "1278"]
[BlackElo "1485"]
[PlyCount "82"]
[EventDate "2017.08.19"]
[EventType "swiss"]
[EventRounds "6"]
[EventCountry "VEN"]
[SourceTitle "EXT 2019"]
[Source "ChessBase"]
[SourceDate "2018.10.10"]
[SourceVersion "1"]
[SourceVersionDate "2018.10.10"]
[SourceQuality "1"]

1. e4 e6 2. d4 d5 3. exd5 exd5 4. Bd3 Bd6 5. Ne2 Ne7 6. Bf4 0-0 7. 0-0 Ng6 8. Bxd6 Qxd6 9. Nd2 Nf4 10. Nxf4 Qxf4 11. c3 Bf5 12. Nf3 Nd7 13. Re1 Rfe8 14. Qc2 Bxd3 15. Qxd3 Re4 16. Re2 Rae8 17. Rae1 Rxe2 18. Rxe2 Qc1+ 19. Ne1 Qxe1+ 20. Rxe1 Rxe1+ 21. Qf1 Rxf1+ 22. Kxf1 Kf8 23. Ke2 Ke7 24. f4 f5 25. Kd3 Kd6 26. a4 c5 27. dxc5+ Nxc5+ 28. Kd4 Nxa4 29. b3 Nxc3 30. Kxc3 Kc5 31. b4+ Kb6 32. h3 a5 33. bxa5+ Kxa5 34. g4 g6 35. gxf5 gxf5 36. Kd4 b5 37. Kxd5 b4 38. Ke5 b3 39. Kxf5 b2 40. Ke6 b1Q 41. f5 Qb6+ 0-1